000 01098nam a2200301 a 4500
003 AR-BaBNM
005 20251128205116.0
008 082120s2002 ||||||||||||||000 | spa||
020 _a950-581-640-5
040 _cAR-BaBNM
100 1 _aVillena, Hugo Osvaldo
245 0 0 _aTíteres en la escuela
250 _a1ª ed.
260 _aBuenos Aires
_bColihue
_c1996
300 _a288 p.
_bil., gráfs., partituras
490 0 _aNuevos caminos
500 _aContiene obras de: Javier Villafañe, Hugo Osvaldo Villena, Rufino Martínez, Horacio Luis Tignanelli, Raúl Gustavo Aguirre, Oscar Horacio Caamaño, Federico García Lorca
500 _aMarta Giménez Pastor, Aldo Tulián, Luis Kike Sánchez Vera, Carlos A. Martínez, Grupo Teatro Diablomundo, Hugo Nelson Adamini y Héctor López Girondo con una reseña biográfica de cada autor
650 4 _aTEATRO ESCOLAR
650 4 _aTALLERES DE ARTE DRAMATICO
650 4 _aCREATIVIDAD
650 4 _aESCENOGRAFIA
650 4 _aANTOLOGIAS
653 _aTITERES
653 _aEDUCACION PRIMARIA
942 _cBK
998 _cCarmen
999 _c10021
_d10021